LEADER 01087nam a22002651i 4500 001 991003500109707536 005 20030829034327.0 008 031111s1969 sz |||||||||||||||||fre 035 $ab12435065-39ule_inst 035 $aARCHE-046835$9ExL 040 $aDip.to Lingue$bita$cA.t.i. Arché s.c.r.l. Pandora Sicilia s.r.l. 082 04$a842.3 100 1 $aChasles, Émile$d<1827-1908>$0456455 245 13$aLa comédie en France au seizième siècle /$cÉmile Chasles 260 $aGenève :$bSlatkine Reprints,$c1969 300 $a214 p. ;$c22 cm 500 $aRéimpression de l'édition de Paris, 1862 650 4$aCommedia francese$ySec. 16. 907 $a.b12435065$b02-04-14$c13-11-03 912 $a991003500109707536 945 $aLE012 F 242$g1$i2012000091160$lle012$o-$pE0.00$q-$rl$s- $t0$u0$v0$w0$x0$y.i12860761$z13-11-03 945 $aLE012 F 242/A$g2$i2012000091177$lle012$o-$pE0.00$q-$rl$s- $t0$u0$v0$w0$x0$y.i12860773$z13-11-03 996 $aComédie en France au seizième siècle$9165631 997 $aUNISALENTO 998 $ale012$b13-11-03$cm$da $e-$ffre$gsz $h3$i2